[Event "417 Stay Safe Play From Home series"]
[Site "Emanuel Lasker Arena"]
[Date "2020.08.28"]
[Round "4"]
[White "Stefanone"]
[Black "AChessPlayer"]
[Result "0-1"]
[WhiteElo "2017"]
[BlackElo "2266"]
[PlyCount "138"]
[EventDate "2020.08.28"]
[EventType "swiss (blitz)"]

1. d4 {[%emt 0:00:01]} Nf6 {[%emt 0:00:01]} 2. e3 {[%emt 0:00:00]} c6 {[%emt 0:00:01]} 3. Nf3 {[%emt 0:00:00]} d5 {[%emt 0:00:00]} 4. g3 {[%emt 0:00:00]} Bg4 {[%emt 0:00:01]} 5. Bg2 {[%emt 0:00:00]} Nbd7 {[%emt 0:00:00]} 6. h3 {[%emt 0:00:00]} Bxf3 {[%emt 0:00:01]} 7. Bxf3 {[%emt 0:00:00]} e6 {[%emt 0:00:00]} 8. O-O {[%emt 0:00:01]} Bd6 {[%emt 0:00:00]} 9. b3 {[%emt 0:00:01]} h5 {[%emt 0:00:00]} 10. h4 {[%emt 0:00:01]} Qc7 {[%emt 0:00:01]} 11. Qe2 {[%emt 0:00:02]} g6 {[%emt 0:00:02]} 12. Bb2 {[%emt 0:00:02]} a5 {[%emt 0:00:01]} 13. Nd2 {[%emt 0:00:01]} O-O {[%emt 0:00:01]} 14. e4 {[%emt 0:00:01]} Bxg3 {[%emt 0:00:03]} 15. fxg3 {[%emt 0:00:01]} Qxg3+ {[%emt 0:00:00]} 16. Bg2 {[%emt 0:00:01]} Qxh4 {[%emt 0:00:04]} 17. exd5 {[%emt 0:00:01]} cxd5 {[%emt 0:00:01]} 18. Nf3 {[%emt 0:00:01]} Qg3 {[%emt 0:00:01]} 19. Qf2 {[%emt 0:00:01]} Qxf2+ {[%emt 0:00:01]} 20. Rxf2 {[%emt 0:00:00]} Ng4 {[%emt 0:00:00]} 21. Re2 {[%emt 0:00:01]} a4 {[%emt 0:00:01]} 22. Ne5 {[%emt 0:00:00]} Ndxe5 {[%emt 0:00:01]} 23. dxe5 {[%emt 0:00:01]} Rfc8 {[%emt 0:00:01]} 24. Rc1 {[%emt 0:00:01]} axb3 {[%emt 0:00:01]} 25. cxb3 {[%emt 0:00:02]} Rxc1+ {[%emt 0:00:02]} 26. Bxc1 {[%emt 0:00:00]} Nh6 {[%emt 0:00:02]} 27. Bxh6 {[%emt 0:00:01]} Rc8 {[%emt 0:00:02]} 28. Bg5 {[%emt 0:00:01]} Kg7 {[%emt 0:00:02]} 29. Bf6+ {[%emt 0:00:01]} Kh6 {[%emt 0:00:00]} 30. Kf2 {[%emt 0:00:02]} Rc3 {[%emt 0:00:01]} 31. Re3 {[%emt 0:00:01]} Rc2+ {[%emt 0:00:01]} 32. Re2 {[%emt 0:00:00]} Rc1 {[%emt 0:00:01]} 33. Bf3 {[%emt 0:00:02]} g5 {[%emt 0:00:01]} 34. Ke3 {[%emt 0:00:02]} g4 {[%emt 0:00:02]} 35. Bg2 {[%emt 0:00:02]} Kg6 {[%emt 0:00:00]} 36. Kd2 {[%emt 0:00:01]} Ra1 {[%emt 0:00:01]} 37. Kd3 {[%emt 0:00:02]} Kf5 {[%emt 0:00:00]} 38. Rf2+ {[%emt 0:00:01]} Kg6 {[%emt 0:00:01]} 39. Rc2 {[%emt 0:00:01]} Rd1+ {[%emt 0:00:01]} 40. Kc3 {[%emt 0:00:02]} Rg1 {[%emt 0:00:01]} 41. Kb4 {[%emt 0:00:01]} d4 {[%emt 0:00:03]} 42. Kc4 {[%emt 0:00:01]} Re1 {[%emt 0:00:02]} 43. Kd3 {[%emt 0:00:02]} Kf5 {[%emt 0:00:03]} 44. Re2 {[%emt 0:00:02]} Rd1+ {[%emt 0:00:02]} 45. Kc4 {[%emt 0:00:02]} Rg1 {[%emt 0:00:00]} 46. Be4+ {[%emt 0:00:01]} Kf4 {[%emt 0:00:00]} 47. Bd3 {[%emt 0:00:02]} Kg3 {[%emt 0:00:00]} 48. Bg5 {[%emt 0:00:02]} h4 {[%emt 0:00:00]} 49. Bd2 {[%emt 0:00:00]} h3 {[%emt 0:00:00]} 50. Re4 {[%emt 0:00:00]} Kf3 {[%emt 0:00:00]} 51. Be3 {[%emt 0:00:00]} dxe3 {[%emt 0:00:01]} 52. Rf4+ {[%emt 0:00:00]} Kxf4 {[%emt 0:00:01]} 53. Be2 {[%emt 0:00:01]} Kg3 {[%emt 0:00:00]} 54. Kd3 {[%emt 0:00:01]} Kf2 {[%emt 0:00:00]} 55. Bxg4 {[%emt 0:00:01]} h2 {[%emt 0:00:00]} 56. Bh3 {[%emt 0:00:00]} h1=Q {[%emt 0:00:00]} 57. Bf1 {[%emt 0:00:00]} Qh2 {[%emt 0:00:00]} 58. Kc4 {[%emt 0:00:00]} Qf4+ {[%emt 0:00:00]} 59. Kb5 {[%emt 0:00:01]} e2 {[%emt 0:00:00]} 60. Kb6 {[%emt 0:00:00]} Rxf1 {[%emt 0:00:00]} 61. Ka7 {[%emt 0:00:00]} e1=Q {[%emt 0:00:00]} 62. b4 {[%emt 0:00:00]} Qexb4 {[%emt 0:00:01]} 63. Kb8 {[%emt 0:00:00]} Qc1 {[%emt 0:00:00]} 64. a4 {[%emt 0:00:00]} Qc7+ {[%emt 0:00:00]} 65. Ka8 {[%emt 0:00:01]} Qbc5 {[%emt 0:00:00]} 66. a5 {[%emt 0:00:01]} Q5xe5 {[%emt 0:00:00]} 67. Ka7 {[%emt 0:00:00]} Qb8+ {[%emt 0:00:01]} 68. Kb6 {[%emt 0:00:01]} Qed6+ {[%emt 0:00:00]} 69. Kb5 {[%emt 0:00:00]} Qbc7 {[%emt 0:00:00] Tempo Tempo Tempo (Lag: Av=0.64s, max=1.4s) (Lag: Av=0.64s, max=1.4s) (Lag: Av=0.64s, max=1.4s)} 0-1

[Event "417 Stay Safe Play From Home series"]
[Site "Emanuel Lasker Arena"]
[Date "2020.08.28"]
[Round "4"]
[White "GIULIO19031975"]
[Black "Fischer_11"]
[Result "1/2-1/2"]
[WhiteElo "1834"]
[BlackElo "1997"]
[Annotator "NA"]
[PlyCount "138"]
[EventDate "2020.08.28"]
[EventType "swiss (blitz)"]

1. e4 {[%emt 0:00:01]} Nf6 {[%emt 0:00:01]} 2. e5 {[%emt 0:00:01]} Nd5 {[%emt 0:00:00]} 3. Nf3 {[%emt 0:00:01]} d6 {[%emt 0:00:01]} 4. d4 {[%emt 0:00:00]} dxe5 {[%emt 0:00:01]} 5. Nxe5 {[%emt 0:00:01]} Nd7 {[%emt 0:00:00]} 6. Nxf7 {[%emt 0:00:02]} Kxf7 {[%emt 0:00:01]} 7. Bc4 {[%emt 0:00:00]} N7f6 {[%emt 0:00:02]} 8. O-O {[%emt 0:00:00]} e6 {[%emt 0:00:01]} 9. c3 {[%emt 0:00:01]} Bd6 {[%emt 0:00:02]} 10. Bg5 {[%emt 0:00:00]} Rf8 {[%emt 0:00:01]} 11. Bxd5 {[%emt 0:00:02]} exd5 {[%emt 0:00:01]} 12. Nd2 {[%emt 0:00:01]} c6 {[%emt 0:00:01]} 13. Nb3 {[%emt 0:00:01]} Kg8 {[%emt 0:00:01]} 14. Bh4 {[%emt 0:00:01]} Qe8 {[%emt 0:00:03]} 15. c4 {[%emt 0:00:03]} Qf7 {[%emt 0:00:02]} 16. cxd5 {[%emt 0:00:01]} Qxd5 {[%emt 0:00:00]} 17. Rb1 {[%emt 0:00:01]} Bf5 {[%emt 0:00:02]} 18. Rc1 {[%emt 0:00:02]} Rad8 {[%emt 0:00:05]} 19. Bg3 {[%emt 0:00:00]} Bxg3 {[%emt 0:00:02]} 20. hxg3 {[%emt 0:00:00]} Ne4 {[%emt 0:00:03]} 21. f3 {[%emt 0:00:03]} Nd6 {[%emt 0:00:03]} 22. Rc5 {[%emt 0:00:01]} Qf7 {[%emt 0:00:02]} 23. Qc1 {[%emt 0:00:02]} Be6 {[%emt 0:00:01]} 24. Re5 {[%emt 0:00:01]} Bxb3 {[%emt 0:00:02]} 25. axb3 {[%emt 0:00:01]} Qxb3 {[%emt 0:00:00]} 26. Qg5 {[%emt 0:00:01]} Qf7 {[%emt 0:00:04]} 27. Re7 {[%emt 0:00:01]} Qf6 {[%emt 0:00:02]} 28. Qe3 {[%emt 0:00:01]} Rf7 {[%emt 0:00:05]} 29. Rxf7 {[%emt 0:00:02]} Qxf7 {[%emt 0:00:00]} 30. Re1 {[%emt 0:00:00]} Re8 {[%emt 0:00:01]} 31. Qf2 {[%emt 0:00:02]} Rxe1+ {[%emt 0:00:00]} 32. Qxe1 {[%emt 0:00:00]} Qe8 {[%emt 0:00:00]} 33. Qc1 {[%emt 0:00:01]} Qe2 {[%emt 0:00:02]} 34. g4 {[%emt 0:00:01]} h6 {[%emt 0:00:01]} 35. Kh2 {[%emt 0:00:01]} Qd3 {[%emt 0:00:00]} 36. Qe1 {[%emt 0:00:01]} Qg6 {[%emt 0:00:00]} 37. Kg3 {[%emt 0:00:02]} Qf7 {[%emt 0:00:00]} 38. Qe5 {[%emt 0:00:01]} Kf8 {[%emt 0:00:00]} 39. Qxd6+ {[%emt 0:00:01]} Qe7 {[%emt 0:00:01]} 40. Qf4+ {[%emt 0:00:01]} Ke8 {[%emt 0:00:01]} 41. d5 {[%emt 0:00:01]} Kd7 {[%emt 0:00:00]} 42. dxc6+ {[%emt 0:00:01]} bxc6 {[%emt 0:00:00]} 43. Qd4+ {[%emt 0:00:01]} Qd6+ {[%emt 0:00:00]} 44. Qxd6+ {[%emt 0:00:03]} Kxd6 {[%emt 0:00:00]} 45. Kf4 {[%emt 0:00:00]} Kc5 {[%emt 0:00:00]} 46. Ke3 {[%emt 0:00:00]} Kb4 {[%emt 0:00:01]} 47. Kd3 {[%emt 0:00:00]} Kb3 {[%emt 0:00:00]} 48. Kd4 {[%emt 0:00:02]} a5 {[%emt 0:00:00]} 49. Kc5 {[%emt 0:00:01]} Kxb2 {[%emt 0:00:00]} 50. Kxc6 {[%emt 0:00:01]} a4 {[%emt 0:00:00]} 51. Kd7 {[%emt 0:00:00]} a3 {[%emt 0:00:00]} 52. Ke7 {[%emt 0:00:00]} a2 {[%emt 0:00:00]} 53. Kf7 {[%emt 0:00:00]} g5 {[%emt 0:00:01]} 54. Kg7 {[%emt 0:00:00]} a1=Q {[%emt 0:00:00]} 55. Kxh6 {[%emt 0:00:00]} Qa5 {[%emt 0:00:00]} 56. Kh5 {[%emt 0:00:01]} Kc3 {[%emt 0:00:00]} 57. g3 {[%emt 0:00:00]} Kd3 {[%emt 0:00:01]} 58. Kg6 {[%emt 0:00:02]} Ke3 {[%emt 0:00:00]} 59. f4 {[%emt 0:00:01]} Kf3 {[%emt 0:00:00]} 60. fxg5 {[%emt 0:00:01]} Kxg3 {[%emt 0:00:00]} 61. Kh5 {[%emt 0:00:00]} Qc5 {[%emt 0:00:01]} 62. Kh6 {[%emt 0:00:01]} Qe5 {[%emt 0:00:00]} 63. g6 {[%emt 0:00:00]} Qf4+ {[%emt 0:00:00]} 64. g5 {[%emt 0:00:00]} Qxg5+ {[%emt 0:00:01]} 65. Kxg5 {[%emt 0:00:01]} Kf3 {[%emt 0:00:01]} 66. g7 {[%emt 0:00:00]} Ke3 {[%emt 0:00:00]} 67. g8=Q {[%emt 0:00:00]} Kd3 {[%emt 0:00:00]} 68. Kf4 {[%emt 0:00:00]} Kc3 {[%emt 0:00:01]} 69. Ke4 {[%emt 0:00:00]} Kb2 {[%emt 0:00:00] Tempo Tempo Tempo (Lag: Av=0.52s, max=1.4s) (Lag: Av=0.52s, max=1.4s) (Lag: Av=0.52s, max=1.4s)} 1/2-1/2

[Event "417 Stay Safe Play From Home series"]
[Site "Emanuel Lasker Arena"]
[Date "2020.08.28"]
[Round "4"]
[White "W Nelles"]
[Black "Leopart"]
[Result "1/2-1/2"]
[WhiteElo "1200"]
[BlackElo "1620"]
[Annotator "NA"]
[PlyCount "71"]
[EventDate "2020.08.28"]
[EventType "swiss (blitz)"]

1. e4 {[%emt 0:00:01]} e5 {[%emt 0:00:01]} 2. Nf3 {[%emt 0:00:01]} Nf6 {[%emt 0:00:01]} 3. Nc3 {[%emt 0:00:01]} Nc6 {[%emt 0:00:01]} 4. d3 {[%emt 0:00:01]} Bc5 {[%emt 0:00:01]} 5. Be3 {[%emt 0:00:01]} Bxe3 {[%emt 0:00:02]} 6. fxe3 {[%emt 0:00:01]} d6 {[%emt 0:00:01]} 7. Nd5 {[%emt 0:00:02]} O-O {[%emt 0:00:02]} 8. Be2 {[%emt 0:00:04]} Nxd5 {[%emt 0:00:02]} 9. exd5 {[%emt 0:00:01]} Ne7 {[%emt 0:00:01]} 10. e4 {[%emt 0:00:02]} c6 {[%emt 0:00:01]} 11. c4 {[%emt 0:00:01]} cxd5 {[%emt 0:00:01]} 12. cxd5 {[%emt 0:00:03]} b6 {[%emt 0:00:01]} 13. O-O {[%emt 0:00:02]} Bg4 {[%emt 0:00:02]} 14. h3 {[%emt 0:00:02]} Bh5 {[%emt 0:00:01]} 15. g4 {[%emt 0:00:01]} Bg6 {[%emt 0:00:01]} 16. Nh4 {[%emt 0:00:01]} Kh8 {[%emt 0:00:04]} 17. Nxg6+ {[%emt 0:00:01]} fxg6 {[%emt 0:00:01]} 18. Rxf8+ {[%emt 0:00:02]} Qxf8 {[%emt 0:00:01]} 19. Qf1 {[%emt 0:00:01]} Qxf1+ {[%emt 0:00:02]} 20. Rxf1 {[%emt 0:00:01]} Kg8 {[%emt 0:00:01]} 21. b3 {[%emt 0:00:01]} Rf8 {[%emt 0:00:01]} 22. Rxf8+ {[%emt 0:00:02]} Kxf8 {[%emt 0:00:01]} 23. Kf2 {[%emt 0:00:01]} Kf7 {[%emt 0:00:01]} 24. Kg3 {[%emt 0:00:01]} Kf6 {[%emt 0:00:01]} 25. h4 {[%emt 0:00:01]} h6 {[%emt 0:00:03]} 26. a4 {[%emt 0:00:02]} g5 {[%emt 0:00:01]} 27. h5 {[%emt 0:00:01]} Nc8 {[%emt 0:00:02]} 28. b4 {[%emt 0:00:02]} a5 {[%emt 0:00:01]} 29. b5 {[%emt 0:00:02]} Ne7 {[%emt 0:00:02]} 30. Bd1 {[%emt 0:00:02]} Nc8 {[%emt 0:00:01]} 31. Bb3 {[%emt 0:00:01]} Ne7 {[%emt 0:00:01]} 32. Bc4 {[%emt 0:00:01]} Nc8 {[%emt 0:00:01]} 33. Kf3 {[%emt 0:00:02]} Ne7 {[%emt 0:00:01]} 34. Kg3 {[%emt 0:00:01]} Nc8 {[%emt 0:00:01]} 35. Kf3 {[%emt 0:00:01]} Ne7 {[%emt 0:00:01] W Nelles bietet Remis W Nelles bietet Remis W Nelles bietet Remis} 36. Kg3 {[%emt 0:00:01] (Lag: Av=0.54s, max=1.0s) (Lag: Av=0.54s, max=1.0s) (Lag: Av=0.54s, max=1.0s)} 1/2-1/2

[Event "417 Stay Safe Play From Home series"]
[Site "Emanuel Lasker Arena"]
[Date "2020.08.28"]
[Round "5"]
[White "NTBT_DHS"]
[Black "Nguyen Hong Anh"]
[Result "1-0"]
[WhiteElo "2570"]
[BlackElo "2305"]
[PlyCount "43"]
[EventDate "2020.08.28"]
[EventType "swiss (blitz)"]

1. e4 {[%emt 0:00:01]} c5 {[%emt 0:00:01]} 2. Nf3 {[%emt 0:00:00]} Nc6 {[%emt 0:00:00]} 3. Nc3 {[%emt 0:00:00]} g6 {[%emt 0:00:01]} 4. Bc4 {[%emt 0:00:01]} Bg7 {[%emt 0:00:01]} 5. h4 {[%emt 0:00:00]} Nf6 {[%emt 0:00:02]} 6. h5 {[%emt 0:00:05]} O-O {[%emt 0:00:02]} 7. hxg6 {[%emt 0:00:01]} hxg6 {[%emt 0:00:00]} 8. Ng5 {[%emt 0:00:00]} Ne5 {[%emt 0:00:03]} 9. Bb3 {[%emt 0:00:01]} d6 {[%emt 0:00:01]} 10. d3 {[%emt 0:00:02]} b5 {[%emt 0:00:02]} 11. Nxb5 {[%emt 0:00:02]} Qa5+ {[%emt 0:00:05]} 12. Nc3 {[%emt 0:00:01]} c4 {[%emt 0:00:02]} 13. dxc4 {[%emt 0:00:02]} Ba6 {[%emt 0:00:01]} 14. Qe2 {[%emt 0:00:04]} Rac8 {[%emt 0:00:02]} 15. Bd2 {[%emt 0:00:08]} Nxc4 {[%emt 0:00:01]} 16. Bxc4 {[%emt 0:00:01]} Bxc4 {[%emt 0:00:01]} 17. Qf3 {[%emt 0:00:00]} Qb6 {[%emt 0:00:01]} 18. O-O-O {[%emt 0:00:02]} Nd7 {[%emt 0:00:02]} 19. Qh3 {[%emt 0:00:01]} Nf6 {[%emt 0:00:01]} 20. b3 {[%emt 0:00:01]} Ba6 {[%emt 0:00:02]} 21. Nd5 {[%emt 0:00:00]} Qc5 {[%emt 0:00:06]} 22. Nxe7# {[%emt 0:00:02] (Lag: Av=0.62s, max=1.1s) (Lag: Av=0.62s, max=1.1s) (Lag: Av=0.62s, max=1.1s)} 1-0

[Event "417 Stay Safe Play From Home series"]
[Site "Emanuel Lasker Arena"]
[Date "2020.08.28"]
[Round "5"]
[White "Tran Minh Thang"]
[Black "IceQueen"]
[Result "0-1"]
[WhiteElo "2470"]
[BlackElo "2396"]
[PlyCount "56"]
[EventDate "2020.08.28"]
[EventType "swiss (blitz)"]

1. d4 {[%emt 0:00:02]} d6 {[%emt 0:00:00]} 2. Bf4 {[%emt 0:00:01]} Nf6 {[%emt 0:00:00]} 3. e3 {[%emt 0:00:00]} g6 {[%emt 0:00:00]} 4. Nf3 {[%emt 0:00:00]} Bg7 {[%emt 0:00:00]} 5. Be2 {[%emt 0:00:00]} O-O {[%emt 0:00:00]} 6. h3 {[%emt 0:00:00]} Nc6 {[%emt 0:00:00]} 7. O-O {[%emt 0:00:00]} Qe8 {[%emt 0:00:00]} 8. c3 {[%emt 0:00:00]} e5 {[%emt 0:00:01]} 9. dxe5 {[%emt 0:00:00]} dxe5 {[%emt 0:00:00]} 10. Bh2 {[%emt 0:00:00]} Qe7 {[%emt 0:00:00]} 11. Na3 {[%emt 0:00:01]} Bf5 {[%emt 0:00:01]} 12. Nc4 {[%emt 0:00:01]} Rad8 {[%emt 0:00:01]} 13. Qb3 {[%emt 0:00:00]} b6 {[%emt 0:00:08]} 14. Nfxe5 {[%emt 0:00:01]} Nxe5 {[%emt 0:00:03]} 15. Bxe5 {[%emt 0:00:01]} Be6 {[%emt 0:00:02]} 16. Qa3 {[%emt 0:00:03]} c5 {[%emt 0:00:01]} 17. Bh2 {[%emt 0:00:07]} Bd5 {[%emt 0:00:01]} 18. Ne5 {[%emt 0:00:01]} Rfe8 {[%emt 0:00:02]} 19. Bf3 {[%emt 0:00:01]} Ne4 {[%emt 0:00:01]} 20. Bxe4 {[%emt 0:00:18]} Bxe4 {[%emt 0:00:00]} 21. Nf3 {[%emt 0:00:01]} Bxf3 {[%emt 0:00:01]} 22. gxf3 {[%emt 0:00:00]} Qg5+ {[%emt 0:00:01]} 23. Bg3 {[%emt 0:00:00]} Qh5 {[%emt 0:00:00]} 24. Kh2 {[%emt 0:00:01]} Qxf3 {[%emt 0:00:03]} 25. Qxa7 {[%emt 0:00:01]} Rd2 {[%emt 0:00:01]} 26. Rae1 {[%emt 0:00:02]} Rxe3 {[%emt 0:00:04]} 27. Qb8+ {[%emt 0:00:03]} Bf8 {[%emt 0:00:01]} 28. Bd6 {[%emt 0:00:05]} Rxf2+ {[%emt 0:00:02] Tran Minh Thang resigns Tran Minh Thang resigns Tran Minh Thang resigns (Lag: Av=0.62s, max=1.0s) (Lag: Av=0.62s, max=1.0s) (Lag: Av=0.62s, max=1.0s)} 0-1

[Event "417 Stay Safe Play From Home series"]
[Site "Emanuel Lasker Arena"]
[Date "2020.08.28"]
[Round "5"]
[White "AChessPlayer"]
[Black "Hickey"]
[Result "1-0"]
[WhiteElo "2273"]
[BlackElo "2330"]
[PlyCount "95"]
[EventDate "2020.08.28"]
[EventType "swiss (blitz)"]

1. Nf3 {[%emt 0:00:01]} Nf6 {[%emt 0:00:01]} 2. g3 {[%emt 0:00:00]} b6 {[%emt 0:00:00]} 3. Bg2 {[%emt 0:00:00]} Bb7 {[%emt 0:00:00]} 4. O-O {[%emt 0:00:00]} c5 {[%emt 0:00:00]} 5. c4 {[%emt 0:00:01]} e6 {[%emt 0:00:01]} 6. Nc3 {[%emt 0:00:00]} Be7 {[%emt 0:00:01]} 7. b3 {[%emt 0:00:00]} d6 {[%emt 0:00:01]} 8. Bb2 {[%emt 0:00:00]} O-O {[%emt 0:00:00]} 9. d4 {[%emt 0:00:01]} cxd4 {[%emt 0:00:00]} 10. Qxd4 {[%emt 0:00:00]} Nbd7 {[%emt 0:00:01]} 11. Rfd1 {[%emt 0:00:02]} a6 {[%emt 0:00:01]} 12. Rac1 {[%emt 0:00:00]} Qc7 {[%emt 0:00:01]} 13. Ba3 {[%emt 0:00:01]} Nc5 {[%emt 0:00:02]} 14. Bh3 {[%emt 0:00:03]} Rac8 {[%emt 0:00:01]} 15. Qe3 {[%emt 0:00:01]} Rfd8 {[%emt 0:00:01]} 16. Nd4 {[%emt 0:00:01]} Qb8 {[%emt 0:00:02]} 17. b4 {[%emt 0:00:05]} Ncd7 {[%emt 0:00:01]} 18. Nxe6 {[%emt 0:00:01]} fxe6 {[%emt 0:00:01]} 19. Qxe6+ {[%emt 0:00:00]} Kf8 {[%emt 0:00:01]} 20. Rd4 {[%emt 0:00:05]} Ne5 {[%emt 0:00:02]} 21. Rf4 {[%emt 0:00:02]} Rc7 {[%emt 0:00:02]} 22. Nd5 {[%emt 0:00:03]} Bxd5 {[%emt 0:00:01]} 23. Qxd5 {[%emt 0:00:01]} Ng6 {[%emt 0:00:03]} 24. Rf3 {[%emt 0:00:02]} Qa8 {[%emt 0:00:02]} 25. Qd2 {[%emt 0:00:03]} d5 {[%emt 0:00:02]} 26. c5 {[%emt 0:00:01]} bxc5 {[%emt 0:00:01]} 27. bxc5 {[%emt 0:00:00]} Qc6 {[%emt 0:00:01]} 28. Bg2 {[%emt 0:00:01]} Rb7 {[%emt 0:00:02]} 29. h4 {[%emt 0:00:01]} Kg8 {[%emt 0:00:03]} 30. Rf5 {[%emt 0:00:02]} Kh8 {[%emt 0:00:06]} 31. h5 {[%emt 0:00:01]} Nf8 {[%emt 0:00:01]} 32. h6 {[%emt 0:00:00]} g6 {[%emt 0:00:03]} 33. Re5 {[%emt 0:00:00]} Ne6 {[%emt 0:00:04]} 34. Bb2 {[%emt 0:00:03]} Kg8 {[%emt 0:00:02]} 35. Ba1 {[%emt 0:00:01]} Kf7 {[%emt 0:00:00]} 36. Re3 {[%emt 0:00:01]} Bf8 {[%emt 0:00:00]} 37. Rd3 {[%emt 0:00:01]} Rbd7 {[%emt 0:00:02]} 38. g4 {[%emt 0:00:01]} g5 {[%emt 0:00:01]} 39. Rf3 {[%emt 0:00:02]} Bxh6 {[%emt 0:00:00]} 40. Rxf6+ {[%emt 0:00:01]} Ke8 {[%emt 0:00:01]} 41. Rxh6 {[%emt 0:00:01]} Nf4 {[%emt 0:00:00]} 42. Rxc6 {[%emt 0:00:02]} Nxg2 {[%emt 0:00:00]} 43. Kxg2 {[%emt 0:00:01]} Rf7 {[%emt 0:00:00]} 44. Qe3+ {[%emt 0:00:00]} Kf8 {[%emt 0:00:01]} 45. Re6 {[%emt 0:00:00]} d4 {[%emt 0:00:00]} 46. Qxg5 {[%emt 0:00:01]} Rg7 {[%emt 0:00:00]} 47. Qxd8+ {[%emt 0:00:01]} Kf7 {[%emt 0:00:01]} 48. Qe8# {[%emt 0:00:00] (Lag: Av=0.82s, max=2.0s) (Lag: Av=0.82s, max=2.0s) (Lag: Av=0.82s, max=2.0s)} 1-0

[Event "417 Stay Safe Play From Home series"]
[Site "Emanuel Lasker Arena"]
[Date "2020.08.28"]
[Round "5"]
[White "TheCHESSHOUSE"]
[Black "GMONIK"]
[Result "0-1"]
[WhiteElo "2045"]
[BlackElo "1805"]
[Annotator "NA"]
[PlyCount "118"]
[EventDate "2020.08.28"]
[EventType "swiss (blitz)"]

1. d4 {[%emt 0:00:02]} e6 {[%emt 0:00:00]} 2. c4 {[%emt 0:00:00]} d5 {[%emt 0:00:00]} 3. g3 {[%emt 0:00:02]} c6 {[%emt 0:00:00]} 4. Bg2 {[%emt 0:00:00]} Nf6 {[%emt 0:00:00]} 5. Nf3 {[%emt 0:00:00]} Be7 {[%emt 0:00:00]} 6. O-O {[%emt 0:00:00]} O-O {[%emt 0:00:00]} 7. Nbd2 {[%emt 0:00:01]} Nbd7 {[%emt 0:00:00]} 8. b3 {[%emt 0:00:01]} b6 {[%emt 0:00:00]} 9. Bb2 {[%emt 0:00:01]} Bb7 {[%emt 0:00:00]} 10. Rc1 {[%emt 0:00:00]} Rc8 {[%emt 0:00:00]} 11. e3 {[%emt 0:00:01]} c5 {[%emt 0:00:00]} 12. cxd5 {[%emt 0:00:01]} exd5 {[%emt 0:00:01]} 13. dxc5 {[%emt 0:00:00]} Nxc5 {[%emt 0:00:01]} 14. Qe2 {[%emt 0:00:00]} Ba6 {[%emt 0:00:03]} 15. Qe1 {[%emt 0:00:01]} Bxf1 {[%emt 0:00:01]} 16. Bxf1 {[%emt 0:00:00]} Ne6 {[%emt 0:00:03]} 17. Nd4 {[%emt 0:00:04]} Nxd4 {[%emt 0:00:01]} 18. Bxd4 {[%emt 0:00:02]} Rxc1 {[%emt 0:00:00]} 19. Qxc1 {[%emt 0:00:00]} Qc8 {[%emt 0:00:00]} 20. Qb2 {[%emt 0:00:01]} Qc6 {[%emt 0:00:02]} 21. Bd3 {[%emt 0:00:01]} Rc8 {[%emt 0:00:01]} 22. Kg2 {[%emt 0:00:01]} Qc1 {[%emt 0:00:01]} 23. Qxc1 {[%emt 0:00:08]} Rxc1 {[%emt 0:00:00]} 24. Nf3 {[%emt 0:00:02]} Rd1 {[%emt 0:00:02]} 25. Bf5 {[%emt 0:00:02]} Ne4 {[%emt 0:00:03]} 26. h4 {[%emt 0:00:04]} Bc5 {[%emt 0:00:04]} 27. Be5 {[%emt 0:00:02]} Rc1 {[%emt 0:00:04]} 28. Bb8 {[%emt 0:00:04]} a5 {[%emt 0:00:02]} 29. Be5 {[%emt 0:00:02]} Rc2 {[%emt 0:00:01]} 30. Bxe4 {[%emt 0:00:01]} dxe4 {[%emt 0:00:01]} 31. Nd4 {[%emt 0:00:01]} Bxd4 {[%emt 0:00:02]} 32. Bxd4 {[%emt 0:00:00]} b5 {[%emt 0:00:01]} 33. a4 {[%emt 0:00:01]} bxa4 {[%emt 0:00:01]} 34. bxa4 {[%emt 0:00:00]} Ra2 {[%emt 0:00:01]} 35. g4 {[%emt 0:00:01]} Rxa4 {[%emt 0:00:01]} 36. Kg3 {[%emt 0:00:00]} Rxd4 {[%emt 0:00:01]} 37. exd4 {[%emt 0:00:00]} a4 {[%emt 0:00:00]} 38. Kf4 {[%emt 0:00:00]} a3 {[%emt 0:00:01]} 39. f3 {[%emt 0:00:00]} a2 {[%emt 0:00:00]} 40. fxe4 {[%emt 0:00:00]} a1=Q {[%emt 0:00:00]} 41. d5 {[%emt 0:00:01]} Qf1+ {[%emt 0:00:01]} 42. Kg5 {[%emt 0:00:01]} Kf8 {[%emt 0:00:00]} 43. h5 {[%emt 0:00:01]} Ke7 {[%emt 0:00:01]} 44. e5 {[%emt 0:00:01]} Qd3 {[%emt 0:00:01]} 45. d6+ {[%emt 0:00:01]} Ke6 {[%emt 0:00:01]} 46. Kf4 {[%emt 0:00:00]} Qd5 {[%emt 0:00:01]} 47. Kg3 {[%emt 0:00:01]} Qxe5+ {[%emt 0:00:00]} 48. Kh4 {[%emt 0:00:00]} Qxd6 {[%emt 0:00:00]} 49. h6 {[%emt 0:00:00]} g6 {[%emt 0:00:03]} 50. g5 {[%emt 0:00:01]} f6 {[%emt 0:00:00]} 51. gxf6 {[%emt 0:00:01]} Kxf6 {[%emt 0:00:00]} 52. Kh3 {[%emt 0:00:01]} Kf5 {[%emt 0:00:01]} 53. Kg2 {[%emt 0:00:00]} Kf4 {[%emt 0:00:00]} 54. Kf1 {[%emt 0:00:00]} Kf3 {[%emt 0:00:00]} 55. Ke1 {[%emt 0:00:00]} Qa3 {[%emt 0:00:02]} 56. Kd2 {[%emt 0:00:00]} Qb3 {[%emt 0:00:00]} 57. Kc1 {[%emt 0:00:00]} Qa2 {[%emt 0:00:01]} 58. Kd1 {[%emt 0:00:01]} Qb2 {[%emt 0:00:00]} 59. Ke1 {[%emt 0:00:01]} Qe2# {[%emt 0:00:00] (Lag: Av=0.54s, max=1.2s) (Lag: Av=0.54s, max=1.2s) (Lag: Av=0.54s, max=1.2s)} 0-1